| 000 | 00429nam a22001817a 4500 | ||
|---|---|---|---|
| 001 | 00028322 | ||
| 005 | 20260225171709.0 | ||
| 008 | 260225b ag ||||| |||| 00| 0 spa d | ||
| 040 |
_bspa _cAR-CcCEOS |
||
| 080 | _a875 | ||
| 090 | _bPLA | ||
| 100 | 0 |
_aPlatón _9630 |
|
| 245 |
_aCritón / _cPlatón |
||
| 260 |
_aBuenos Aires : _bEudeba, _cc1966. |
||
| 300 |
_a139 p. ; _c19x13 cm. |
||
| 650 | 0 | _afilosofía | |
| 942 |
_2udc _cBK |
||
| 999 |
_c28340 _d28340 |
||
| 945 |
_a66467 _bMelina Rolando _c66467 _dMelina Rolando |
||